| 000 | 00654nam a2200217Ii 4500 | ||
|---|---|---|---|
| 003 | JO-AjNU | ||
| 008 | 230606s9999||||xx |||||||||||||| ||und|| | ||
| 020 | _a978-0-19-879273-4(hpk) /978-0-19-879274-1(pbk) | ||
| 040 |
_aJO-AjNU _beng _erda _cJO-AjNU |
||
| 041 | _aeng | ||
| 050 | 1 | 4 | _aPJ6145.2018 |
| 100 | 3 |
_a GLANVILLE, PETER JOHN, _eauthor _95997 |
|
| 245 | 0 | 4 | _aTHE LEXICAL SEMANTICS OF THE ARABIC VERB |
| 250 | _a1 ed | ||
| 264 | 3 | 1 | _aNew York: Oxford University Press, 2018 |
| 300 | _a199p | ||
| 336 |
_atext _btxt _2rdacontent |
||
| 337 |
_aunmediated _bn _2rdamedia |
||
| 338 |
_avolume _bnc _2rdacarrier |
||
| 650 | 4 |
_aEnglish language _95998 |
|
| 999 |
_aE3111 _c3108 _d3108 |
||